Charente-Maritime - mort subite - Statistiques

Statistiques générales
  • Ce quiz a été pris 60 fois
  • Le résultat moyen est 9 sur 18
Answers on the Grid
Answers color-coded by a green-red scale on the quiz's grid according to % correct below.
La Gironde
Île de Ré
La côte atlantique
Royan
Roquefort
Mamoudzou
Kaduna
La Roche-sur-Yon
La Rochelle
Porte de Charenton
Pons
Les Sables-d'Olonne
Le Caire
La Tremblade
Gulu
Rochefort
Ludhiana
Des petit-ducs scops
île d'Oléron
La Croix-Rousse
Larache
Soumy
Le tombeau de Balzac
Saint-Georges-de-Didonne
Le site un grand bombardement RAF en 1945
Kisumu
Le Gua
Chiraz
Sainte-Lheurine
Tébessa
Frontenay-Rohan-Rohan
Benxi
Saintes
La dernière résidence de Napoléon en France avant son exil
Le site une bataille clé de la Guerre de Cent Ans
Une ville sous contrôle allemand en mai 1945
 
Statistiques - réponses
Réponse % Correct
Île de Ré
96%
La Rochelle
91%
Royan
89%
La côte atlantique
83%
Rochefort
70%
île d'Oléron
68%
Saintes
64%
La Tremblade
51%
Pons
51%
Saint-Georges-de-Didonne
49%
La Rochelle ; ils ont capitulé à la fin de la guerre Une ville sous contrôle allemand en mai 1945
45%
Île d'Aix La dernière résidence de Napoléon en France avant son exil
40%
Le château de Montguyon, 1451 (victoire francaise) Le site une bataille clé de la Guerre de Cent Ans
36%
La Gironde
34%
Royan Le site un grand bombardement RAF en 1945
34%
Le Gua
30%
Des petit-ducs scops
11%
Sainte-Lheurine
6%
Aucun quiz correspondant
Distribution des résultats
% des personnes avec chaque résultat
Percentile par nombre de réponses
Votre historique - résultats
Vous n’avez pas pris ce quiz